000
00213nam a2200097Ia 4500
008
230605s9999 xx 000 0 und d
041
_a
eng
100
_a
Flanagam
245
_a
The Management bible
650
_a
M.M.
999
_c
417624
_d
417624